Géographie Européenne - Mort Subite - Statistiques

Statistiques générales
  • Ce quiz a été pris 1 034 fois
  • Le résultat moyen est 6 sur 15
Answers on the Grid
Answers color-coded by a green-red scale on the quiz's grid according to % correct below.
Alpes
Archipel Lucayen
Cap des Aiguilles
Cervin
Golfe de Carpentarie
Golfe de Guinée
Golfe du Bengale
Golfe du Colorado
Golfe du Gascogne
Île d'Ellesmere
Île des Komsomolets
Lac Baïkhach
Lac Mistassini
Lésbos
Manche Anglaise
Mer d'Azov
Mer de Béring
Mer de Marmara
Mer Méditerranée
Mont Blanc
Montagnes des Carpates
Öresund
Péninsule de Kola
Péninsule du Cap York
Presqu'île Bretagne
Rivière Drin
Rivière Léna
Rocheuses
Tasmanie
Vistule
 
Statistiques - réponses
Réponse % Correct
Alpes
82%
Mont Blanc
76%
Mer Méditerranée
69%
Presqu'île Bretagne
63%
Golfe du Gascogne
53%
Manche Anglaise
51%
Montagnes des Carpates
35%
Cervin
33%
Lésbos
27%
Öresund
26%
Vistule
22%
Mer d'Azov
21%
Mer de Marmara
12%
Péninsule de Kola
7%
Rivière Drin
6%
Aucun quiz correspondant
Distribution des résultats
% des personnes avec chaque résultat
Percentile par nombre de réponses
Votre historique - résultats
Vous n’avez pas pris ce quiz